000 01812pam a22003614a 4500
001 6170698
003 ARRUPE
005 20131001142609.0
008 061107s2007 nyu b 000 0 eng
010 _a 2006037297
020 _a9780826417367 (alk. paper)
020 _a0826417361 (alk. paper)
035 _a(OCoLC)OCM76183370
035 _a(OCoLC)76183370
035 _a(NNC)6170698
040 _aDLC
_cDLC
_dBAKER
_dBTCTA
_dC#P
_dOrLoB-B
050 0 0 _aPR2997.I46
_bZ56 2007
082 0 0 _a822.3/3
_222
100 1 _aZilberfain, Ava.
_91885
245 1 0 _aStealing the story :
_bShakespeare's self-conscious use of the mimetic tradition in the tragedies /
_cAva Zilberfain.
260 _aNew York :
_bContinuum,
_c2007.
300 _av, 181 p. ;
_c24 cm.
504 _aIncludes bibliographical references.
505 0 0 _gCh. 1.
_tMimesis, tragedy, and narrative --
_gCh. 2.
_tShakespeare's use of mimesis --
_gCh. 3.
_tPolitical reformation in The tragedy of King Richard the Second --
_gCh. 4.
_tThe ethical realm of The tragedy of Macbeth --
_gCh. 5.
_tBreakdown of representation and the emergence of the divided self in The tragedy of Hamlet, Prince of Denmark --
_gCh. 6.
_tMyth and the myth of centrality in Antony and Cleopatra --
_gCh. 7.
_tEpistemological doubt in The tragedy of Othello, Moor of Venice --
_gCh. 8.
_tThe birth of the totalitarian state in The tragedy of King Lear.
600 1 0 _aShakespeare, William,
_d1564-1616
_xLiterary style.
_91886
600 1 0 _aShakespeare, William,
_d1564-1616
_xTragedies.
_91887
650 0 _aImitation in literature.
_91888
650 0 _aMimesis in literature.
_91889
856 4 1 _3Table of contents only
_uhttp://www.loc.gov/catdir/toc/ecip074/2006037297.html
900 _bTOC
942 _2lcc
_cMONOGRAPH
948 1 _a20070510
_bc
_cas2107
_dMPS
999 _c118193
_d118193